| 000 | 01316nam a2200337 a 4500 | ||
|---|---|---|---|
| 001 | ebr10456975 | ||
| 003 | CaPaEBR | ||
| 006 | m u | ||
| 007 | cr cn||||||||| | ||
| 008 | 071024s2008 nyuab s 000 0 eng d | ||
| 010 | _z 2007044230 | ||
| 020 | _z9781568987422 (alk. paper) | ||
| 020 | _z1568987420 (alk. paper) | ||
| 040 |
_aCaPaEBR _cCaPaEBR |
||
| 035 | _a(OCoLC)732955842 | ||
| 043 | _an-us--- | ||
| 050 | 1 | 4 |
_aNA705 _b.K35 2008eb |
| 082 | 0 | 4 |
_a725.70973 _222 |
| 100 | 1 |
_aKaiser, Harvey H., _d1936- |
|
| 245 | 1 | 4 |
_aThe National Park architecture sourcebook _h[electronic resource] / _cHarvey H. Kaiser. |
| 250 | _a1st ed. | ||
| 260 |
_aNew York : _bPrinceton Architectural Press, _cc2008. |
||
| 300 |
_a600 p. : _bill., maps. |
||
| 533 |
_aElectronic reproduction. _bPalo Alto, Calif. : _cebrary, _d2013. _nAvailable via World Wide Web. _nAccess may be limited to ebrary affiliated libraries. |
||
| 650 | 0 |
_aArchitecture _zUnited States _vGuidebooks. |
|
| 650 | 0 |
_aHistoric buildings _zUnited States _vGuidebooks. |
|
| 650 | 0 |
_aNational parks and reserves _zUnited States _vGuidebooks. |
|
| 655 | 7 |
_aElectronic books. _2local |
|
| 710 | 2 | _aebrary, Inc. | |
| 856 | 4 | 0 |
_uhttp://site.ebrary.com/lib/rucke/Doc?id=10456975 _zAn electronic book accessible through the World Wide Web; click to view |
| 999 |
_c122637 _d122637 |
||